| 000 | 00000nam##2200000za#4500 |
| 001 | 9.663354 |
| 003 | CaOODSP |
| 005 | 20210615121010 |
| 007 | ta |
| 008 | 150407|2001||||xxc||||| f|0| 0 fre|d |
| 020 | |a0-662-66202-4 |
| 040 | |aCaOODSP|bfre |
| 041 | |aeng |
| 041 | |afre |
| 043 | |an-cn--- |
| 086 | 1 |aCH4-54/2001-1 |
| 110 | 1 |aCanada. |bPatrimoine canadien. |
| 245 | 10|aL'Initiative canadienne sur le bénévolat : |brapport de la Table conjointe sur l'Initiative nationale sur le bénévolat: sommaire exécutif |
| 260 | |aOttawa - Ontario : |bPatrimoine canadien |c2001. |
| 300 | |aTexte français, 11p. : |bfigures, ill. ; |c18 cm. |
| 563 | |aCouverture souple |
| 590 | |a02-25|b2002-06-21 |
| 691 | 07|aBénévolat|2gcpds |
| 776 | 0#|tL'Initiative canadienne sur le bénévolat : |w(CaOODSP)9.640498 |
| 776 | 0#|tThe Canada Volunteerism Initiative : |w(CaOODSP)9.696382 |
| 791 | |tThe Canada Volunteerism Initiative : |eeng|w(CaOODSP)9.663353 |